000 00680nam a2200217 a 4500
001 BRCA_7054
005 20190320205708.0
008 021211s1909----gw-a######---#000-0#ger-#
041 _ager
044 _agw
050 4 _aQB44
_b.D53 1909
245 1 0 _aDiesterwegs populäre Himmelskunde und mathematische Geographie
_cA. Diesterweg; bearbeitet vom M. Wilhelm Meyer unter Mitwirkung von B. Schwalbe.
260 _aHamburg
_bH. Grand
_c1909
300 _a458 p.
_bil.
_c23 cm.
500 _aL197
650 1 4 _aAstronomĂ­a
_97908
700 1 _aMeyer, Max Wilhelm
_f1853-1910
_eed.
_917531
700 1 _aSchwalbe, Bernhard
_f1841-1901
_eed.
_917532
902 _aGFM
942 _2lcc
_cB
999 _c6735
_d6735